000
00188 a2200097 4500
020
_a
9781536213362
041
_a
spa
100
_a
Juana Martinez
245
_a
La selva de zonia
942
_c
K
999
_c
28799
_d
28799